000
00289nam a22001337a 4500
008
181015b xxu||||| |||| 00| 0 eng d
020
_a
9780070082038
041
_a
eng
080
_a
510
100
_a
36
101
_a
MAT
245
_a
Mathematics of Finance
_c
Zima, P
942
_2
udc
_c
BK
999
_c
49751
_d
49751